| 000 | 00853nam a22002657a 4500 | ||
|---|---|---|---|
| 005 | 20100727120948.0 | ||
| 010 | _aENG-96945 | ||
| 020 |
_a0070598789 _c425.00 |
||
| 020 |
_a9780070598782 _c425.00 |
||
| 035 | _aEN-80478 | ||
| 037 | _bDBAD/PUB | ||
| 082 | _a005.71262 | ||
| 100 |
_aSchildt, Herbert _93222 |
||
| 245 |
_aJava : _cby Herbert Schildt _bthe complete reference, J2SE / |
||
| 250 | _a5th ed | ||
| 260 |
_aNew Delhi _bTata McGraw-Hill Publishing Co. _c2005 |
||
| 270 |
_a7 West Patel Nager, _bNew Delhi _e110008 |
||
| 300 |
_axxx, 1000 p. _c24cm (Pbk) |
||
| 500 | _aIncludes index | ||
| 700 | _91706 | ||
| 700 | _91707 | ||
| 700 | _91708 | ||
| 942 |
_2ddc _cEN _h005.71262 _mSCH |
||
| 999 |
_c37920 _d37920 |
||